Vista normal
Vista MARC
Entrada Personal Name
Número de registros utilizados en: 5
001 - CONTROL NUMBER
- control field: 8
003 - CONTROL NUMBER IDENTIFIER
- control field: OSt
005 - DATE AND TIME OF LATEST TRANSACTION
- control field: 20220622170827.0
008 - FIXED-LENGTH DATA ELEMENTS
- fixed length control field: 220622|| aca||aabn | a|a d
040 ## - CATALOGING SOURCE
- Original cataloging agency: OSt
- Transcribing agency: OSt
100 ## - HEADING--PERSONAL NAME
- Personal name: Mendoza Zambrano, Mario,
- Dates associated with a name: 1964-,
- Fuller form of name: autor
670 ## - SOURCE DATA FOUND
- Source citation: Work cat.: (OSt): Mendoza Zambrano, Mario, 1964-, autor, El mensajero de agartha: